Statistiques concernant Pokémon fusionnés avec Zekrom

Cliquez ici pour prendre le quiz!

Statistiques générales

  • Ce quiz a été pris 58 fois
  • Le résultat moyen est 13 sur 16

Statistiques - réponses

Réponse% Correct
Goupix
96%
Démétéros
93%
Dialga
93%
Flagadoss
89%
Dimoret
85%
Majaspic
83%
Ouistempo
81%
Hoothoot
78%
Munna
78%
Tarinorme
78%
Incisache
74%
Hélédelle
72%
Relicanth
72%
Wailord
72%
Snubbull
69%
Rapasdepic
65%

Distribution des résultats

Percentile par nombre de réponses

% des personnes avec chaque résultat

Votre développement - résultats

Vous n’avez pas pris ce quiz